Analýza rozhodovacieho procesu vo vybranom podniku diplomová práca

Guardado en:
Detalles Bibliográficos
Autor principal: Kolegová, Zuzana
Autor Corporativo: Fakulta podnikového manažmentu EU. Katedra manažmentu
Otros Autores: Jankelová, Nadežda, 1966-
Formato: Libro
Lenguaje:eslovaco
Publicado: Bratislava 2013
Etiquetas: Agregar Etiqueta
Sin Etiquetas, Sea el primero en etiquetar este registro!

MARC

LEADER 00000nbm a2200000 4500
001 0176499
005 20170704125302.4
041 0 |a slo 
044 |a SK 
245 1 0 |a Analýza rozhodovacieho procesu vo vybranom podniku  |b diplomová práca  |c Zuzana Kolegová ; školiteľ: Nadežda Jankelová 
264 1 |a Bratislava  |c 2013 
300 |a 89 s. 
100 1 |a Kolegová, Zuzana 
700 1 |a Jankelová, Nadežda, 1966- 
710 2 |a Fakulta podnikového manažmentu EU. Katedra manažmentu